English file
The English File Third Edition Teacher's Book offers a comprehensive walk-through guide to every lesson, in every unit of the English File Third Edition Student's Book, along with over 70 photocopiable activities.
Đã lưu trong:
| 主要作者: | |
|---|---|
| 格式: | 圖書 |
| 語言: | Undetermined |
| 出版: |
Oxford
Oxford University Press
2015
|
| 主題: | |
| 標簽: |
添加標簽
沒有標簽, 成為第一個標記此記錄!
|
| Thư viện lưu trữ: | Trung tâm Học liệu Trường Đại học Cần Thơ |
|---|
| LEADER | 00853nam a2200193Ia 4500 | ||
|---|---|---|---|
| 001 | CTU_224416 | ||
| 008 | 210402s9999 xx 000 0 und d | ||
| 082 | |a 428.24 | ||
| 082 | |b L352 | ||
| 100 | |a Latham-Koenig, Christina. | ||
| 245 | 0 | |a English file | |
| 245 | 0 | |c Christina Latham-Koenig, Clive Oxenden ; Anna Lowy, Beatriz Martin Garcia | |
| 260 | |a Oxford | ||
| 260 | |b Oxford University Press | ||
| 260 | |c 2015 | ||
| 520 | |a The English File Third Edition Teacher's Book offers a comprehensive walk-through guide to every lesson, in every unit of the English File Third Edition Student's Book, along with over 70 photocopiable activities. | ||
| 650 | |a Anh ngữ,English language | ||
| 650 | |x Dạy và học,Nói tiếng nước ngoài,Study and teaching,Foreign speakers | ||
| 980 | |a Trung tâm Học liệu Trường Đại học Cần Thơ | ||